Clubs pro par région : PACA et Corse - Statistiques

Statistiques générales
  • Ce quiz a été pris 120 fois
  • Le résultat moyen est 10 sur 13
Statistiques - réponses
Région Dernière année Club % Correct
Corse 2024 AC Ajaccio
98%
Corse 2024 SC Bastia
97%
Corse 2019 GFC Ajaccio
96%
PACA 2024 Olympique de Marseille
96%
Corse 2014 CA Bastia
95%
PACA 2024 OGC Nice
92%
PACA 1998 SC Toulon
74%
PACA 2001 AS Cannes
69%
PACA 2015 AC Arles-Avignon
67%
PACA 2024 FC Martigues
62%
PACA 1968 AS Aix
50%
PACA 1976 Olympique avignonnais
45%
PACA 2007 Istres FC
44%
Aucun quiz correspondant
Distribution des résultats
% des personnes avec chaque résultat
Percentile par nombre de réponses
Votre historique - résultats
Vous n’avez pas pris ce quiz